000 00436nam a2200157Ia 4500
008 150909s9999 xx 000 0 und d
041 _aEnglish
082 _bREP/15
100 _aMinistry of agriculture and Irrigation
100 _eCompiler
245 _aReport of national commission on agriculture 1976: Part XV Agrarian reforms
260 _bGovt. of India
260 _c1976
650 _aAgrarian reforms
942 _cREF
999 _c203771
_d203771